01043cam a22003011 4500001001300000003000400013005001700017008004100034010001700075035002000092040001800112042001200130050001900142100004200161245008100203260001000284300001500294490010000309500007100409500003800480650002500518700002900543700002700572700002200599740004800621740002700669830004500696sa 65007021 DLC20260227112146.0900209m19649999ii 000 0 sano  asa 65007021  a(OCoLC)21027530 aDLCcWaUdDLC apremarc00aBL1228.5b.M320 aMadanasiṃhadeva,dactive 1425-1450.10aŚrīmadanasiṃhadevaviracite Madanaratnapradīpe dānavivekoddyotaḥ. c1964- av.c22 cm.1 aOsmania University, Hyderabad, India. Sanskrit Academy. Sanskrit Academy series ;vno. 10, A. 8 aVol. 1 has added t. p.: Madanaratnapradīpa: Danavivekoddyotaḥ. aIn Sanskrit; foreword in English. 0aHinduismxCharities.1 aSharma, Aryendra,d1910-1 aDeshapande, Khanderao.1 aPādhye, Da. Go.0 aMadanaratnapradīpe Danāvivekoddyotaḥ.0 aDanāvivekoddyotaḥ. 0aSanskrit Academy series ;vno. 10, A. 8.